ბათუმის შოთა რუსთაველის სახელმწიფო უნივერსიტეტის ბიბლიოთეკა

დედა; ქალაქში ერთი მოხუცი დადის; ხომალდი და ადამიანი (ბიბ.ჩანაწერი № 43526)

000 -LEADER
fixed length control field 01052nam a2200229Ia 4500
001 - CONTROL NUMBER
control field 10257
003 - CONTROL NUMBER IDENTIFIER
control field GE_BSU
008 - FIXED-LENGTH DATA ELEMENTS--GENERAL INFORMATION
fixed length control field 181216s||||||||xx |||||||||||||| ||und||
040 ## - CATALOGING SOURCE
Transcribing agency GE_BSU
080 ## - UNIVERSAL DECIMAL CLASSIFICATION NUMBER
Universal Decimal Classification number 821.353.1–4
100 ## - MAIN ENTRY--PERSONAL NAME
Personal name სამსონია,ალექსანდრე
245 ## - TITLE STATEMENT
Title დედა; ქალაქში ერთი მოხუცი დადის; ხომალდი და ადამიანი
245 ## - TITLE STATEMENT
Remainder of title ჩემი მეგობარი ლევანი.ნარკვევები
245 ## - TITLE STATEMENT
Statement of responsibility, etc. რედ.შ.ზოიძე.მხატვ.გ.ხოჯაშვილი
260 ## - PUBLICATION, DISTRIBUTION, ETC.
Place of publication, distribution, etc. ბათუმი
260 ## - PUBLICATION, DISTRIBUTION, ETC.
Name of publisher, distributor, etc. საბჭოთა აჭარა
260 ## - PUBLICATION, DISTRIBUTION, ETC.
Date of publication, distribution, etc. 1975
300 ## - PHYSICAL DESCRIPTION
Extent 40გვ.ილ.20სმ.
653 ## - INDEX TERM--UNCONTROLLED
Uncontrolled term დედა; ქალაქში ერთი მოხუცი დადის;ხომალდი და ადამიანი
653 ## - INDEX TERM--UNCONTROLLED
Uncontrolled term ჩემი მეგობარი ლევანი.ნარკვევები
942 ## - ADDED ENTRY ELEMENTS (KOHA)
Koha item type წიგნი
ეგზემპლარები
Withdrawn status Lost status Damaged status Not for loan Date acquired Barcode Date last seen Price effective from Koha item type
        2018-12-17 33641 2018-12-17 2018-12-17 წიგნი
        2018-12-17 33642 2018-12-17 2018-12-17 წიგნი